000 00439 a2200109 4500
001 ART_26209
005 20260410161937.0
008 260409a
245 1 0 _aFlexibilidad estratégica, teoría de opciones reales y convergencia con el valor actual neto empleando probabilidades "del mundo real" y coeficientes equivalentes ciertos
100 1 _aMilanesi, Gastón S.
773 0 _tSaberEs
_g- Nº 3 (jun. 2011)
_wREV26089
999 _c29101
_d29101